| Tag |
First Indicator |
Second Indicator |
Subfields |
| LEADER |
00000cam a2200000 a 4500 |
| 001 |
in00000014003 |
| 005 |
20151007052121.0 |
| 008 |
880107s1987 fr a b 00000 eng d |
| 020 |
|
|
|a 9264130292
|
| 035 |
|
|
|a (OCoLC)17313788
|
| 035 |
|
|
|9 AAA6351AM
|
| 040 |
|
|
|a EIN
|c EIN
|d VPI
|d TXA
|d UtOrBLW
|
| 041 |
0 |
|
|a eng
|
| 049 |
|
|
|a TXAM
|c [A11042541]
|
| 050 |
|
4 |
|a HC79.T4
|b I56 1987
|
| 245 |
0 |
0 |
|a Innovation policy :
|b Spain.
|
| 264 |
|
1 |
|a Paris :
|b Organisation for Economic Co-operation and Development,
|c [1987]
|
| 264 |
|
4 |
|c ©1987
|
| 300 |
|
|
|a 106 pages :
|b illustrations ;
|c 23 cm.
|
| 336 |
|
|
|a text
|b txt
|2 rdacontent
|
| 337 |
|
|
|a unmediated
|b n
|2 rdamedia
|
| 338 |
|
|
|a volume
|b nc
|2 rdacarrier
|
| 500 |
|
|
|a Published also in French under the title : La politique d'innovation : Espagne.
|
| 504 |
|
|
|a Includes bibliographical references.
|
| 650 |
|
0 |
|a Technological innovations
|x Government policy
|z Spain.
|
| 710 |
2 |
|
|a Organisation for Economic Co-operation and Development.
|
| 740 |
3 |
|
|a La politique d'innovation, Espagne.
|
| 999 |
|
|
|a MARS
|
| 999 |
f |
f |
|s 89ce9d7d-21dd-3684-be81-892b0d8379dd
|i 98c8764b-3b9d-3413-97c0-7a71d6ee9b9d
|t 0
|
| 952 |
f |
f |
|p ric
|a Texas A&M University
|b Rellis Campus
|c Joint Library Facility
|d Remote Storage
|t 0
|e HC79.T4 I56 1987
|h Library of Congress classification
|i unmediated -- volume
|m A14811042541
|
| 998 |
f |
f |
|a HC79.T4 I56 1987
|t 0
|l Remote Storage
|